Formula 1 Drivers With 150+ Starts - Statistics

General Stats
  • This quiz has been taken 1,345 times
    512 since last reset
  • The average score is 27 of 46
Answer Stats
Starts Driver % Correct
356 Lewis Hamilton
100%
401 Fernando Alonso
99%
306 Michael Schumacher
95%
180 Ralf Schumacher
95%
209 Max Verstappen
93%
349 Kimi Räikkönen
89%
161 Ayrton Senna
85%
299 Sebastian Vettel
85%
199 Alain Prost
84%
206 Carlos Sainz Jr.
82%
227 Nico Hülkenberg
82%
306 Jenson Button
79%
156 Esteban Ocon
76%
153 Pierre Gasly
76%
246 Valtteri Bottas
76%
257 Daniel Ricciardo
75%
322 Rubens Barrichello
75%
281 Sergio Pérez
75%
176 Graham Hill
72%
269 Felipe Massa
71%
Nico Rosberg
69%
161 Mika Häkkinen
68%
185 Kevin Magnussen
67%
171 Niki Lauda
67%
215 Mark Webber
66%
246 David Coulthard
63%
187 Nigel Mansell
63%
204 Nelson Piquet
62%
166 Lance Stroll
58%
163 Jacques Villeneuve
57%
179 Romain Grosjean
50%
252 Jarno Trulli
42%
229 Giancarlo Fisichella
41%
210 Gerhard Berger
38%
201 Jean Alesi
38%
256 Ricardo Patrese
37%
Heinz-Harald Frentzen
29%
183 Nick Heidfeld
29%
158 Martin Brundle
20%
194 Michele Alboreto
20%
161 Johnny Herbert
19%
205 Andrea de Cesaris
18%
157 Olivier Panis
18%
176 Jacques Laffite
14%
163 Thierry Boutsen
12%
152 John Watson
11%
No matching quizzes found
Score Distribution
Percent of People with Each Score
Percentile by Number Answered
Your Score History
You have not taken this quiz since the last reset